[Event "Mediterranean Open"]
[Site "Rijeka CRO"]
[Date "2008.12.02"]
[Round "5"]
[White "Gombac,Jan"]
[Black "Nikolov,Sas"]
[Result "0-1"]
[WhiteElo "2290"]
[BlackElo "2409"]

1.e4 d5 2.exd5 Qxd5 3.Nc3 Qd6 4.d4 Nf6 5.Bc4 a6 6.Bb3 Nc6 7.Nge2 Bg4 8.d5 Na5
9.f3 Nxb3 10.axb3 Bf5 11.Ng3 Bg6 12.O-O O-O-O 13.Nge4 Nxe4 14.fxe4 e6 15.Bf4 e5
16.Be3 h5 17.Qe2 h4 18.Nb5 Qb4 19.Na7+ Kd7 20.Ra4 Qd6 21.Nb5 axb5 22.Qxb5+ c6
23.Qxb7+ Ke8 24.dxc6 Qb8 25.Qa6 h3 26.g3 Bd6 27.Rc4 Bc7 28.b4 Bh5 29.b5 Be2
30.b6 Bxb6 31.Bxb6 Bxc4 32.Qxc4 Qxb6+ 33.Kh1 Qc7 34.b4 Rh6 35.b5 Rf6 36.Re1 Rf2
37.Qa4 Rdd2 38.Qa8+ Qd8  0-1

[Event "Mediterranean Open"]
[Site "Rijeka CRO"]
[Date "2008.12.03"]
[Round "6"]
[White "Muskardin,M"]
[Black "Gombac,Jan"]
[Result "1/2-1/2"]
[WhiteElo "1984"]
[BlackElo "2290"]

1.e4 d5 2.exd5 Qxd5 3.Nc3 Qd6 4.d4 Nf6 5.Nf3 a6 6.Bd3 Bg4 7.h3 Bh5 8.g4 Bg6
9.Ne5 Nc6 10.Nxc6 Qxc6 11.Rg1 e6 12.a3 O-O-O 13.Be3 Be7 14.Qd2 Nd5 15.Nxd5 Qxd5
16.O-O-O Qa2 17.Qc3 Bxd3 18.Qxd3 Qa1+ 19.Kd2 Qxb2 20.Ra1 Qb6 21.Rgb1 Qa5+
22.Ke2 g6 23.Rb3 e5 24.Rab1 b6 25.Qc4 exd4 26.Bxd4 Rhe8 27.Bxb6 Bc5+ 28.Kf1 cxb6
29.Rxb6 Re1+ 30.Rxe1 Qxb6 31.Re5 Qb1+ 32.Kg2 Qb7+ 33.Kg3 Kb8 34.Qxc5 Rc8
35.Qd6+  1/2-1/2

[Event "TCh-SLO"]
[Site "Murska Sobota SLO"]
[Date "2008.12.06"]
[Round "1"]
[White "Lazar,Ales ML"]
[Black "Piskur,M"]
[Result "1/2-1/2"]
[WhiteElo "2289"]
[BlackElo "2305"]

1.e4 d5 2.exd5 Qxd5 3.Nc3 Qd8 4.d4 Nf6 5.Bc4 a6 6.a4 Nc6 7.Be3 Bf5 8.Nf3 e6
9.h3 Nb4 10.Bb3 h6 11.Qe2 c6 12.Ne5 Nfd5 13.g4 Bh7 14.Nxd5 cxd5 15.c3 Nc6
16.Bc2 Nxe5 17.dxe5 Bxc2 18.Qxc2 Qc7 19.f4 Bc5 20.Qf2  1/2-1/2

[Event "Scaccomatto Open"]
[Site "Torino ITA"]
[Date "2008.12.06"]
[Round "6"]
[White "Vocaturo,D"]
[Black "Hera,I"]
[Result "1/2-1/2"]
[WhiteElo "2383"]
[BlackElo "2530"]

1.e4 d5 2.exd5 Qxd5 3.Nc3 Qd6 4.d4 Nf6 5.Bc4 a6 6.Bb3 Nc6 7.Nge2 e5 8.dxe5 Qxd1+
9.Nxd1 Nxe5 10.Ndc3 h6 11.Bf4 Bd6 12.O-O-O O-O 13.Rhe1 Re8 14.Kb1 Bf5 15.Ng3 Bg6
16.a3 Nc4 17.Rxe8+ Rxe8 18.Nce2 Ne5 19.f3 Bh7 20.Nc3 Nc4 21.Bxd6 Nxd6 22.Nge2 Nf5
23.Nf4 c5 24.Nfd5 Nd4 25.Nxf6+ gxf6 26.Kc1 b5 27.Nd5 Kg7 28.Nf4 Ne2+  1/2-1/2

[Event "TCh-SLO"]
[Site "Murska Sobota SLO"]
[Date "2008.12.07"]
[Round "2"]
[White "Mestrovic,Z"]
[Black "Piskur,M"]
[Result "1-0"]
[WhiteElo "2316"]
[BlackElo "2305"]

1.e4 d5 2.exd5 Qxd5 3.Nc3 Qd8 4.d4 Nf6 5.Nf3 Bg4 6.Be2 Bc8 7.Bf1 Bg4 8.Be2 e6
9.O-O c6 10.Ne5 Bxe2 11.Qxe2 Nbd7 12.Re1 Qe7 13.Bf4 Nxe5 14.Bxe5 Qd7 15.Rad1 Be7
16.Bxf6 gxf6 17.Qh5 f5 18.Re3 Rf8 19.d5 f4 20.dxe6 Qxd1+ 21.Qxd1  1-0

[Event "TCh-SLO"]
[Site "Murska Sobota SLO"]
[Date "2008.12.07"]
[Round "2"]
[White "Palac,M"]
[Black "Ushenina,A"]
[Result "1/2-1/2"]
[WhiteElo "2583"]
[BlackElo "2496"]

1.e4 d5 2.exd5 Qxd5 3.Nc3 Qd6 4.d4 Nf6 5.Nf3 c6 6.Be3 Bf5 7.Bd3 Bxd3 8.Qxd3 Nbd7
9.O-O-O e6 10.Kb1 Be7 11.Bg5 O-O-O 12.Bh4 Qb4 13.Rhe1 h6 14.Bg3 Rhf8 15.a3 Qa5
16.Nd2 Nd5 17.Nce4 N7b6 18.c4 Qa6 19.Qc2 Nf6 20.Nc5 Bxc5 21.dxc5 Nbd7 22.Nf3 Rfe8
23.Qc3 b6 24.Ne5 Nxe5 25.Bxe5 Nd7 26.cxb6 Nxb6 27.Bxg7 Nxc4 28.Bxh6 Rh8 29.Bf4 Qb5
30.Ka2 Nxb2 31.Qxb2 Qc4+ 32.Ka1 Qxf4 33.Rc1 Kc7 34.Qc3 Qd4 35.h3 Rh5 36.Qxd4 Rxd4  1/2-1/2

[Event "III Open"]
[Site "Palma de Mallorca ESP"]
[Date "2008.12.07"]
[Round "2"]
[White "Galiana Moll,R"]
[Black "Bestard Borras,M"]
[Result "0-1"]
[WhiteElo "1859"]
[BlackElo "2137"]

1.e4 d5 2.exd5 Qxd5 3.Nc3 Qd6 4.d4 Nf6 5.Nf3 a6 6.a4 Bg4 7.Bc4 Nc6 8.Be3 O-O-O
9.Qd2 Bxf3 10.gxf3 e6 11.O-O-O Qb4 12.Bb3 Bc5 13.Ne2 Bb6 14.Qxb4 Nxb4 15.c3 Nbd5
16.Rhg1 Nh5 17.Bd2 c6 18.c4 Ne7 19.c5 Bc7 20.Bg5 Rd7 21.Kb1 Nf5 22.Bc2 g6
23.Bxf5 exf5 24.Ng3 f6 25.Bh6 Bxg3 26.fxg3 g5 27.Rd2 Rhd8 28.Rgd1 Rg8 29.d5 cxd5
30.Rxd5 Rgd8 31.Rxd7 Rxd7 32.Rxd7 Kxd7 33.b4 f4 34.g4 Ng3 35.hxg3 fxg3 36.c6+ Kxc6
37.Bf8 b6 38.b5+ axb5 39.axb5+ Kd5  0-1

[Event "77th ch-UKR"]
[Site "Poltava UKR"]
[Date "2008.12.07"]
[Round "6"]
[White "Tukhaev,A"]
[Black "Kuzubov,Y"]
[Result "1/2-1/2"]
[WhiteElo "2498"]
[BlackElo "2622"]

1.e4 d5 2.exd5 Qxd5 3.Nc3 Qd8 4.d4 Nf6 5.Nf3 Bg4 6.Be2 e6 7.O-O Be7 8.h3 Bxf3
9.Bxf3 c6 10.b3 O-O 11.Bb2 Nbd7  1/2-1/2

[Event "III Open"]
[Site "Palma de Mallorca ESP"]
[Date "2008.12.09"]
[Round "4"]
[White "Galiana Moll,R"]
[Black "Munar Mut,A"]
[Result "0-1"]
[WhiteElo "1859"]
[BlackElo "2065"]

1.e4 d5 2.exd5 Qxd5 3.Nc3 Qd8 4.d4 g6 5.Bc4 Bg7 6.Nf3 Nh6 7.Bf4 O-O 8.Qe2 Nf5
9.O-O-O c6 10.Rhe1 b5 11.Bb3 a5 12.g4 Nh6 13.d5 c5 14.Nxb5 Nxg4 15.Qxe7 Qxe7
16.Rxe7 Nxf2 17.Rf1 Nh3 18.Be3 Nd7 19.Nd6 a4 20.Bc4 Nb6 21.Bxc5 Nxc4 22.Nxc4 Ba6
23.b3 axb3 24.cxb3 Bxc4 25.bxc4 Rfc8 26.d6 Rxc5 27.d7 Rxc4+ 28.Kd1 Kf8 29.Rxf7+ Kxf7
30.Ne5+ Ke7 31.Nxc4 Bd4 32.Kc2 Ng5 33.Rd1 Ne6 34.Kb3 Rb8+ 35.Kc2 Kxd7 36.a4 Ke7
37.a5 Ba7 38.Ne5 Rc8+ 39.Kb1 Rc7 40.Rd5 Bd4 41.Nf3 Rc5 42.Rxd4 Nxd4 43.Nxd4 Kd7
44.Nb3 Rh5 45.a6 Kc7 46.h4 Kb6  0-1

[Event "TCh-SLO"]
[Site "Murska Sobota SLO"]
[Date "2008.12.11"]
[Round "6"]
[White "Muzychuk,A"]
[Black "Tratar,M"]
[Result "1/2-1/2"]
[WhiteElo "2508"]
[BlackElo "2507"]

1.e4 d5 2.exd5 Qxd5 3.Nc3 Qd8 4.d4 Nf6 5.Nf3 Bg4 6.h3 Bxf3 7.Qxf3 c6 8.Be3 e6
9.Bd3 Nbd7 10.O-O Bd6 11.Rad1 O-O 12.Ne4 Nxe4 13.Qxe4 g6 14.c3 Re8 15.Rfe1 Nf6
16.Qf3 Nd5 17.Bc1 Qf6 18.Qe4 Bf4 19.Bxf4 Qxf4 20.Qe5 Qxe5 21.dxe5 Red8 22.Be4 Nb6
23.b3 Kf8 24.Kf1 Ke7 25.g3 a5 26.Rxd8 Rxd8 27.Ke2 h6  1/2-1/2

[Event "Bundesliga 2008-9"]
[Site "Eppingen GER"]
[Date "2008.12.13"]
[Round "8"]
[White "Socko,B"]
[Black "Tiviakov,S"]
[Result "1/2-1/2"]
[WhiteElo "2631"]
[BlackElo "2686"]

1.e4 d5 2.exd5 Qxd5 3.Nc3 Qd6 4.d4 Nf6 5.Nf3 c6 6.g3 Bg4 7.Bg2 e6 8.O-O Be7
9.h3 Bxf3 10.Bxf3 O-O 11.Bf4 Qd8 12.Qd3 Nbd7 13.Ne2 Re8 14.Rfd1 Bf8 15.Bg2 Qc8
16.c4 e5 17.Be3 exd4 18.Nxd4 Nc5 19.Qc2 a5 20.Re1 Qc7 21.Nf5 Ne6 22.Rad1 Bc5
23.a3 Bxe3 24.Rxe3 Red8 25.Rde1 Nd4 26.Nxd4 Rxd4 27.Qc3 Rdd8 28.Re7 Rd7 29.R7e5 Qd8
30.R5e3 Rd1 31.b4 axb4 32.axb4 Rxe1+ 33.Rxe1 Qc7 34.Qe3 h6 35.Qc5 Re8 36.Rxe8+ Nxe8
37.Bf3  1/2-1/2

[Event "XXI Carlos Torre"]
[Site "Merida MEX"]
[Date "2008.12.13"]
[Round "1"]
[White "Arencibia Rodriguez,W"]
[Black "Tinajero Tristan,D"]
[Result "1-0"]
[WhiteElo "2536"]
[BlackElo "2164"]

1.e4 d5 2.exd5 Qxd5 3.Nc3 Qd6 4.g3 Nf6 5.Bg2 Bg4 6.Nge2 c6 7.h3 Bf5 8.O-O e6
9.b4 Be7 10.b5 O-O 11.a4 Qc7 12.d3 Rd8 13.a5 a6 14.b6 Qc8 15.g4 Bg6 16.Ng3 Nd5
17.Nce2 Bf6 18.Ra3 e5 19.Qe1 Be7 20.Ra4 Nd7 21.Rc4 Nf8 22.Nc3 Qe6 23.Nxd5 cxd5
24.Rc7 Rd7 25.f4 exf4 26.Bxf4 Rad8 27.Nf5 Bxf5 28.gxf5 Qxe1 29.Rxe1 Bb4 30.Ra1 g6
31.c3 Be7 32.c4 gxf5 33.Bxd5 Ne6 34.Rxd7 Rxd7 35.Be5 Bc5+ 36.Kg2 Kf8 37.Rf1 Ke7
38.Rxf5 Bb4 39.Bf6+ Ke8 40.d4 Bc3 41.Bxe6 fxe6 42.Rg5 Kf8 43.Rc5 Bb4 44.Rc8+ Kf7
45.Be5 Bxa5 46.c5 Ke7 47.Rh8 h5 48.Rxh5 Bb4 49.c6 bxc6 50.Rh7+  1-0

[Event "TCh-SLO"]
[Site "Murska Sobota SLO"]
[Date "2008.12.13"]
[Round "8"]
[White "Gombac,Jan"]
[Black "Piskur,M"]
[Result "1/2-1/2"]
[WhiteElo "2290"]
[BlackElo "2305"]

1.e4 d5 2.exd5 Qxd5 3.Nc3 Qd8 4.d4 Nf6 5.Bc4 a6 6.Bb3 c5 7.Be3 cxd4 8.Qxd4 Qxd4
9.Bxd4 Nbd7 10.Nf3 e6  1/2-1/2

[Event "TCh-NED 2008-9"]
[Site "Netherlands NED"]
[Date "2008.12.13"]
[Round "4"]
[White "Van Haastert,E"]
[Black "Fridman,Raf"]
[Result "1/2-1/2"]
[WhiteElo "2417"]
[BlackElo "2457"]

1.e4 d5 2.exd5 Qxd5 3.Nc3 Qd8 4.d4 Nf6 5.Nf3 Bg4 6.h3 Bxf3 7.Qxf3 c6 8.Be3 e6
9.O-O-O Nbd7 10.Kb1 Qa5 11.Bc4 Be7 12.g4 Nb6 13.Bb3 Nfd5 14.Ne4 Nxe3 15.fxe3 Nc8
16.Rdf1 Rf8 17.Ng3 Nd6 18.Nh5 g6 19.Nf6+ Bxf6 20.Qxf6 Ne4 21.Qg7 Nd2+ 22.Kc1 Nxf1
23.Rxf1 O-O-O 24.c3 Qg5 25.Kd2 Qe7 26.Qxh7 c5 27.Qg7 Kb8  1/2-1/2

[Event "XXI Carlos Torre"]
[Site "Merida MEX"]
[Date "2008.12.14"]
[Round "3"]
[White "Alford Phillipe,J"]
[Black "Huerta,Da"]
[Result "1/2-1/2"]
[WhiteElo "2317"]
[BlackElo "2353"]

1.e4 d5 2.exd5 Qxd5 3.Nc3 Qd6 4.d4 g6 5.Be3 Bg7 6.Qd2 Nf6 7.Bf4 Qd8 8.O-O-O O-O
9.h4 h5 10.f3 c6 11.Bh6 b5 12.g4 b4 13.Na4 Qa5 14.b3 Nbd7 15.Bxg7 Kxg7 16.a3 Rb8
17.Nh3 Rh8 18.Nf4 hxg4 19.fxg4 Nxg4 20.h5 Ndf6 21.Bc4 Ne4 22.Qe2 Qf5 23.Rdf1 Ng3
24.Qe1 Nxf1 25.Rxf1 Qg5 26.hxg6 e5  1/2-1/2

[Event "TCh-ISR 2008-9"]
[Site "Israel ISR"]
[Date "2008.12.19"]
[Round "3"]
[White "Rozentalis,E"]
[Black "Caspi,I"]
[Result "1-0"]
[WhiteElo "2577"]
[BlackElo "2408"]

1.e4 d5 2.exd5 Qxd5 3.Nc3 Qd6 4.d4 Nf6 5.Nb5 Qb6 6.c4 a6 7.Nc3 e5 8.d5 Bc5
9.Qc2 Ng4 10.Nh3 O-O 11.Bd3 f5 12.Na4 Bb4+ 13.Kf1 Qd4 14.a3 Be7 15.Bd2 b5
16.cxb5 axb5 17.Bxb5 f4 18.Rd1 Qa7 19.Qb3 Bd6 20.f3 Ne3+ 21.Bxe3 fxe3 22.Ng5 Rf4
23.Nc3 Na6 24.Qc2 g6 25.Ne6 Rf7 26.Ne4 Qb6 27.Bc4 Bd7 28.Ke2 Kh8 29.b4 Nb8
30.Rd3 Ba4 31.Qc3 Nd7 32.h4 Nf6 33.Nxf6 Rxf6 34.Rxe3 Bb5 35.Bxb5 Qxb5+ 36.Qd3 Qb6
37.Rc1 Qb7 38.Rc4 Qb5 39.Rc6 Qb7 40.Qc4 Rf7 41.Rc3 Ra7 42.Nd8  1-0

[Event "8th Amplico AIG Life Rapid"]
[Site "Warsaw POL"]
[Date "2008.12.20"]
[Round "2"]
[White "Zhigalko,S"]
[Black "Kantans,T"]
[Result "1-0"]
[WhiteElo "2592"]
[BlackElo "2146"]

1.e4 d5 2.exd5 Qxd5 3.Nc3 Qd6 4.d4 Nf6 5.Nf3 a6 6.Bd3 Bg4 7.h3 Bh5 8.Ne4 Nxe4
9.Bxe4 Nc6 10.c3 Bg6 11.Qe2 O-O-O 12.O-O e6 13.Re1 Bxe4 14.Qxe4 Qd5 15.Qe2 Bd6
16.Be3 h6 17.b4 g5 18.a4 Rhg8 19.c4 Qf5 20.g4 Qe4 21.b5 Nb4 22.bxa6 Nxa6
23.Rab1 Bb4 24.Bd2 Qxe2 25.Rxe2 Bxd2 26.Rxd2 c5 27.Rdb2 Rd7 28.Ne5 Rc7 29.d5 exd5
30.cxd5 Rd8 31.Nc4 Nb4 32.d6 Rc6 33.Rd2 Ra6 34.a5 Nc6 35.Rb5 Nd4 36.Rxc5+ Rc6
37.Rxc6+ Nxc6 38.Kg2 Kb8 39.Kf3 Ka7 40.Ke4 Ka6 41.Kf5 Kb5 42.Ne5  1-0

[Event "8th Amplico AIG Life Rapid"]
[Site "Warsaw POL"]
[Date "2008.12.20"]
[Round "5"]
[White "Malisauskas,V"]
[Black "Pazderski,Z"]
[Result "1-0"]
[WhiteElo "2479"]
[BlackElo "2209"]

1.e4 d5 2.exd5 Qxd5 3.Nc3 Qd6 4.d4 Nf6 5.Nge2 a6 6.Bf4 Qd8 7.g3 Bg4 8.Bg2 Nc6
9.d5 Na7 10.h3 Bxe2 11.Qxe2 g6 12.O-O-O Bg7 13.Rhe1 O-O 14.Qxe7 Nb5 15.Qxd8 Rfxd8
16.Nxb5 axb5 17.Bxc7 Rd7 18.d6 Rxa2 19.Kb1 Ra7 20.g4 Kf8 21.Bf1  1-0

[Event "Open A"]
[Site "Groningen NED"]
[Date "2008.12.21"]
[Round "1"]
[White "Brandenburg,D"]
[Black "Dehn,M"]
[Result "0-1"]
[WhiteElo "2436"]
[BlackElo "2137"]

1.e4 d5 2.exd5 Qxd5 3.Nc3 Qd8 4.d4 g6 5.Bc4 Nh6 6.h3 Nf5 7.Nf3 Bg7 8.Ne2 O-O
9.c3 Nc6 10.Bf4 Nd6 11.Bb3 Na5 12.Bc2 Bf5 13.Bxd6 Bxc2 14.Bxc7 Bxd1 15.Bxd8 Bxe2
16.Bxa5 Ba6 17.O-O-O Rfc8 18.Rhe1 e6 19.Bb4 Bc4 20.b3 Bd5 21.Kb2 b5 22.Ba5 Rab8
23.Rd3 Bh6 24.g3 f6 25.h4 Rc6 26.Nh2 Kf7 27.Ng4 Bg7 28.Ne3 Be4 29.Rd2 f5
30.f4 Rb7 31.Ra1 Rd6 32.Bb4 Rd8 33.Kc1 Ra8 34.a4 a5 35.axb5 axb4 36.Rxa8 bxc3
37.Rda2 Bxd4 38.Nc4 Kg7 39.Rd8 Bc5 40.b4 Rxb5 41.Rd7+ Kh6 42.Re2 Rxb4 43.Rxe4 fxe4
44.Ne5 Be3+ 45.Kc2 Bd4 46.Nf7+ Kh5 47.Rc7 Kg4 48.Ng5 Rb2+ 49.Kc1 Be3+ 50.Kd1 Rd2+
51.Ke1 c2 52.Nxe4 Rd1+ 53.Ke2 c1=Q 54.Rxc1 Rxc1 55.Kxe3 Re1+ 56.Kd4 Rxe4+  0-1

[Event "8th Amplico AIG Life Rapid"]
[Site "Warsaw POL"]
[Date "2008.12.21"]
[Round "10"]
[White "Vlassov,N"]
[Black "Vysochin,S"]
[Result "1/2-1/2"]
[WhiteElo "2471"]
[BlackElo "2520"]

1.e4 d5 2.exd5 Qxd5 3.Nc3 Qd6 4.d4 Nf6 5.Bc4 c6 6.Nge2 Bf5 7.Bf4 Qb4 8.Bb3 e6
9.O-O Be7 10.Ng3 Bg6 11.Bc7 Bf8 12.f4 Na6 13.a3 Qe7 14.Be5 O-O-O 15.f5 exf5
16.Nxf5 Qd7 17.Qf3 Nc7 18.Bxf6 gxf6 19.Rad1 Ne6 20.d5 Ng5 21.Qf4 Qxf5 22.Qxf5+ Bxf5
23.Rxf5 cxd5 24.Rdxd5 Be7 25.Rxd8+ Bxd8 26.Nd5 Ne4 27.c4 Nd2 28.Ba2 Re8 29.Kf2 Ne4+
30.Kf3 Nd2+ 31.Kf2 Ne4+ 32.Kf3 Nd2+  1/2-1/2

[Event "Open"]
[Site "Pamplona ESP"]
[Date "2008.12.23"]
[Round "2"]
[White "Navarro Cia,M"]
[Black "Garjon Modrego,M"]
[Result "1-0"]
[WhiteElo "2318"]
[BlackElo "1947"]

1.e4 d5 2.exd5 Qxd5 3.Nc3 Qd8 4.d4 Nf6 5.Bc4 Bg4 6.f3 Bh5 7.g4 Bg6 8.h4 h6
9.Nge2 e6 10.Nf4 Bh7 11.Be3 a6 12.Qd2 Be7 13.g5 Ng8 14.O-O-O hxg5 15.hxg5 Bxg5
16.Nxe6 Bxe3 17.Qxe3 fxe6 18.Qxe6+ Ne7 19.Qf7+ Kd7 20.Qxg7 b5 21.Bb3 Kc8
22.Rxh7 Rxh7 23.Qxh7 Kb7 24.Re1 Nc8 25.Bd5+ Ka7 26.Bxa8 Kxa8 27.Qe4+ Ka7
28.d5 Nd6 29.Qe7 Qc8 30.Ne4 Nf5 31.Qc5+  1-0

[Event "35th ch-IND w National A"]
[Site "New Delhi IND"]
[Date "2008.12.25"]
[Round "8"]
[White "Amrutha,M"]
[Black "Mohota,N"]
[Result "0-1"]
[WhiteElo "2163"]
[BlackElo "2311"]

1.e4 d5 2.exd5 Qxd5 3.Nc3 Qd6 4.d4 Nf6 5.Nf3 c6 6.g3 Bg4 7.Bg2 e6 8.O-O Be7
9.Bf4 Qd8 10.Qd2 Nbd7 11.Rfe1 O-O 12.Rad1 Nd5 13.h3 Bxf3 14.Bxf3 Bb4 15.Bxd5 cxd5
16.a3 Ba5 17.Bd6 Re8 18.b4 Nb6 19.Qf4 Nc4 20.Nb5 Qd7 21.a4 Bd8 22.Nc7 Bxc7
23.Bxc7 Rac8 24.Be5 f6 25.Bxf6 Rf8 26.Qg4 Rxf6 27.Re2 Nd6 28.Rde1 Nf5  0-1

[Event "Open A"]
[Site "Groningen NED"]
[Date "2008.12.26"]
[Round "5"]
[White "Ten Hertog,H"]
[Black "Sparenberg,E"]
[Result "0-1"]
[WhiteElo "2118"]
[BlackElo "2041"]

1.e4 d5 2.exd5 Qxd5 3.Nc3 Qd6 4.Bc4 Nf6 5.Nge2 a6 6.O-O b5 7.Bb3 Bb7 8.d4 e6
9.Re1 Nbd7 10.Nf4 O-O-O 11.Qe2 g5 12.Nd3 Qc6 13.f3 Rg8 14.a4 b4 15.Na2 a5
16.c3 bxc3 17.Nxc3 g4 18.f4 Qb6 19.Ba2 Bb4 20.Be3 Nd5 21.Bxd5 Bxd5 22.Nxb4 Qxb4
23.Nb5 Bc4 24.Qc2 Bxb5 25.axb5 Nb6 26.Rec1 Nd5 27.Qc6 Kb8 28.Rc4 Rd6 29.Rxb4 Rxc6
30.bxc6+ axb4 31.Bd2 Rd8 32.Ra6 Nb6 33.Bxb4 Rxd4 34.Bc5 Rd1+ 35.Kf2 Rd2+
36.Kg3 Rxb2 37.Kxg4 Rxg2+ 38.Kf3 Rxh2 39.f5 Rh5 40.Kg3 Rxf5 41.Bd4 Rb5  0-1

[Event "Christmas Master Open"]
[Site "Zurich SUI"]
[Date "2008.12.26"]
[Round "1"]
[White "Schneider,Marc"]
[Black "Hera,I"]
[Result "0-1"]
[WhiteElo "2140"]
[BlackElo "2530"]

1.e4 d5 2.exd5 Qxd5 3.Nc3 Qd6 4.d4 Nf6 5.Nf3 a6 6.Bd3 Bg4 7.O-O Nbd7 8.Ne4 Nxe4
9.Bxe4 c6 10.Be3 e6 11.Bd3 Qc7 12.Be2 Bd6 13.h3 Bh5 14.Nd2 Bg6 15.Nc4 Bf4
16.Bxf4 Qxf4 17.c3 O-O 18.Qd2 Qc7 19.Qe3 a5 20.Rfe1 a4 21.Bf3 Nb6 22.Nxb6 Qxb6
23.Re2 Ra5 24.Rd1 Rb5 25.Rdd2 Bb1 26.a3 Rd8 27.Be4 Bxe4 28.Qxe4 Rbd5 29.Qc2 Qa6
30.Re5 Qc4 31.Rxd5 Rxd5 32.Qd1 h5 33.g3 h4 34.g4 Rb5 35.Kg2 Qd5+ 36.Qf3 Qg5
37.Qe3 Qg6 38.f4 Qb1 39.Qf2 Rd5 40.Qe2 Kf8 41.Rd1 Qg6 42.Kf3 Qf6 43.Qe4 Rb5
44.Rd2 Qd8 45.Re2 Qb6 46.Qc2 Rb3 47.f5 Qc7 48.Rg2 Qd7 49.fxe6 Qxe6 50.Qe4 Qxe4+
51.Kxe4 Ke7 52.Kf4 Ke6 53.Ke4 Rb5 54.Rf2 g6 55.Rg2 f6 56.Rf2 g5 57.Rg2 f5+
58.gxf5+ Rxf5 59.c4 Rf4+ 60.Ke3 Kf5 61.Rg1 c5 62.dxc5 Rxc4 63.Rf1+ Kg6 64.Rd1 Rxc5
65.Rd6+ Kf5 66.Rb6 Rc1 67.Rb5+ Kg6 68.Kf2 Rc2+ 69.Kg1 Rc7 70.Rb4 Kf5 71.Rxa4 Rc1+
72.Kg2 Rc2+ 73.Kg1 Rxb2 74.Ra5+ Kf4 75.a4 g4 76.hxg4 Kg3 77.Kf1 h3  0-1

[Event "38th Rilton Cup 2008-9"]
[Site "Stockholm SWE"]
[Date "2008.12.28"]
[Round "2"]
[White "Nygren,D"]
[Black "Willemze,T"]
[Result "1/2-1/2"]
[WhiteElo "2136"]
[BlackElo "2417"]

1.e4 d5 2.exd5 Qxd5 3.Nc3 Qd6 4.d4 Nf6 5.Nf3 c6 6.g3 Bg4 7.Bg2 e6 8.O-O Be7
9.Bf4 Qb4 10.Qd2 Nbd7 11.a4 Qa5 12.Ne5 Nxe5 13.Bxe5 Bf5 14.Qe2 O-O 15.Nd1 Bg4
16.f3 Bh5 17.Ne3 Nd7 18.Nc4 Qa6 19.g4 Bg6 20.Rfe1 c5 21.Bf1 cxd4 22.Bxd4 Rac8
23.b3 Bf6 24.Rad1 Bxd4+ 25.Rxd4 Nf6 26.Qf2 Qc6 27.Re2 Nd5 28.Ne5  1/2-1/2

[Event "Open A"]
[Site "Gjovik NOR"]
[Date "2008.12.29"]
[Round "1"]
[White "Stenersen,G"]
[Black "Tiviakov,S"]
[Result "0-1"]
[WhiteElo "2189"]
[BlackElo "2686"]

1.e4 d5 2.exd5 Qxd5 3.Nc3 Qd6 4.d4 Nf6 5.Bc4 c6 6.Nge2 Bf5 7.Bf4 Qb4 8.Bb3 e6
9.Bc7 Qe7 10.Bg3 Qd8 11.f3 Nbd7 12.Qd2 Be7 13.Qe3 Nd5 14.Qf2 O-O 15.Ne4 N7f6
16.N2c3 Bb4 17.O-O Nxc3 18.Nxc3 Qa5 19.Nd1 b5 20.Ne3 Bg6 21.a4 Qb6 22.c3 Be7
23.axb5 cxb5 24.h3 a5 25.Rfd1 Rfd8 26.Ng4 Nxg4 27.hxg4 a4 28.Bc2 Bxc2 29.Qxc2 Rac8
30.Qd3 Rc4 31.b3 axb3 32.Rab1 Qc6 33.Rxb3 Rd5 34.Qe3 Bd8 35.Rd3 h6 36.Qe4 Ba5
37.Qe3 Ra4 38.Rd1 Qc4 39.Rdb1 Ra2 40.Qc1 h5 41.gxh5 Rxh5 42.R1b2 b4 43.Rxa2 Qxb3
44.Qa1 Bb6 45.Ra8+ Kh7 46.cxb4 Qe3+ 47.Bf2 Qh6 48.Be1 e5 49.Qb1+ f5 50.Ra3 Bxd4+
51.Kf1 Qg6 52.g3 Rh1+ 53.Ke2 e4 54.b5 Qh5 55.Qb4 Qh2+ 56.Kd1 Bf2 57.fxe4 Bxe1
58.Qxe1 fxe4 59.Re3  0-1

[Event "Open A"]
[Site "Groningen NED"]
[Date "2008.12.29"]
[Round "8"]
[White "Kuipers,S"]
[Black "Dehn,M"]
[Result "1-0"]
[WhiteElo "2292"]
[BlackElo "2137"]

1.e4 d5 2.exd5 Qxd5 3.Nc3 Qd8 4.d4 g6 5.Nf3 Nh6 6.Bf4 Nf5 7.Qd2 Bg7 8.O-O-O c6
9.Bc4 Nd6 10.Bb3 Bg4 11.Be5 Bxf3 12.Bxg7 Rg8 13.gxf3 Rxg7 14.Ne4 Nf5 15.Ng3 e6
16.Nxf5 gxf5 17.Rhg1 Rg6 18.c4 Na6 19.d5 Qd6 20.Qe3 cxd5 21.cxd5 Qc5+ 22.Kb1 Qxe3
23.fxe3 Nc5 24.Bc2 O-O-O 25.Rxg6 fxg6 26.Rc1 Kd7 27.Bxf5 gxf5 28.Rxc5 Kd6
29.Rb5 b6 30.e4 e5 31.a4 f4 32.a5 Kc7 33.a6 Rg8 34.Rb3 Rg1+ 35.Ka2 Rh1 36.Rc3+ Kd7
37.Rc6 Rxh2 38.Rxb6 Rh3 39.Rb7+ Kc8 40.d6 Rxf3 41.d7+ Kd8 42.Rxa7 Rd3 43.Ra8+ Kxd7
44.a7 f3 45.Rf8  1-0

[Event "Masters"]
[Site "Hastings ENG"]
[Date "2008.12.29"]
[Round "2"]
[White "Nebel,J"]
[Black "Calvert,D"]
[Result "1-0"]
[WhiteElo "2199"]
[BlackElo "2051"]

1.e4 d5 2.exd5 Qxd5 3.Nc3 Qd8 4.Bc4 Nf6 5.Nf3 c6 6.Ne5 e6 7.d4 Be7 8.O-O O-O
9.Bb3 Na6 10.Re1 Nc7 11.a4 Ncd5 12.Qf3 Bd7 13.Bg5 Nxc3 14.Qxc3 Nd5 15.Bxe7 Nxe7
16.Qb4 Bc8 17.a5 Qc7 18.c4 Rd8 19.Rad1 b6 20.Bc2 bxa5 21.Qc5 Ng6 22.Qxc6 Qxc6
23.Nxc6 Rd7 24.d5 Ba6 25.dxe6 Rxd1 26.exf7+ Kxf7 27.Rxd1 Bxc4 28.Bxg6+  1-0

[Event "18th North American Open"]
[Site "Las Vegas USA"]
[Date "2008.12.29"]
[Round "6"]
[White "Khachiyan,M"]
[Black "Cicak,S"]
[Result "1-0"]
[WhiteElo "2508"]
[BlackElo "2564"]

1.e4 d5 2.exd5 Qxd5 3.Nc3 Qd6 4.d4 c6 5.Bc4 Nf6 6.Nge2 e6 7.O-O Qc7 8.Bf4 Bd6
9.Bxd6 Qxd6 10.Ng3 Nbd7 11.Qd2 O-O 12.Rad1 b6 13.Nce4 Qc7 14.f4 c5 15.f5 cxd4
16.Qxd4 Nxe4 17.Nxe4 Ne5 18.f6 Ng4 19.Nd6 Nxf6 20.Rxf6 gxf6 21.Qg4+ Kh8 22.Qf3 Kg8
23.Qxa8 Rd8 24.Qf3 Qc5+ 25.Kh1 Kf8 26.Qa3 Qxa3 27.bxa3 Bb7 28.Be2 Bc6 29.Nc4 Rc8
30.Bd3 Ke7 31.Kg1 Rg8 32.g3 h5 33.Kf2 h4 34.Bf1 hxg3+ 35.hxg3 Rh8 36.Bg2 Bb5
37.Ne3 Rc8 38.Bf1 Ba4 39.Rd2 f5 40.c4 Kf6 41.Nd1 Kg5 42.Nc3 Bc6 43.a4 Rh8
44.Rd6 Rh2+ 45.Ke3 Ba8 46.Rd7 Rh1 47.Rxa7 Bc6 48.Rc7 Ba8 49.Rc8  1-0

[Event "5th Open"]
[Site "Vandoeuvre les Nancy FRA"]
[Date "2008.12.29"]
[Round "8"]
[White "Velicka,P"]
[Black "Kantorik,M"]
[Result "1-0"]
[WhiteElo "2464"]
[BlackElo "2288"]

1.e4 d5 2.exd5 Qxd5 3.Nc3 Qd6 4.d4 Nf6 5.Nf3 a6 6.g3 b5 7.Bg2 Bb7 8.O-O e6
9.Ne5 Bxg2 10.Kxg2 b4 11.Qf3 Ra7 12.Ne4 Nxe4 13.Qxf7+ Kd8 14.Qf3 Qd5 15.Nf7+ Ke8
16.Nxh8 Nf6 17.Qxd5 exd5 18.Re1+ Be7 19.Bg5 Nc6 20.Bxf6 gxf6 21.c3 Kf8 22.Re6 Nd8
23.Re2 bxc3 24.bxc3 Rb7 25.Rae1 c5 26.dxc5 Nc6 27.Re6 Rc7 28.h4 Kg8 29.Rxc6 Rxc6
30.Rxe7 Kxh8 31.Ra7 Rxc5 32.Rxa6 Kg7 33.Ra3 Kg6 34.Rb3 Ra5 35.a3 Ra4 36.Kf3 Kf5
37.Ke3 Ke5 38.Kd3 h6 39.Kc2 Re4 40.Rb2 f5 41.f4+ Kd6 42.Rb6+ Kc5 43.Rxh6 Re3
44.Rg6 Kc4 45.Kd2 Rd3+ 46.Ke2 Rxc3 47.h5 Kd4 48.h6 Rxa3 49.h7 Ra2+ 50.Kf3 Rh2
51.Rg7 Kc4 52.Rc7+ Kd3 53.g4 Rh3+ 54.Kg2 fxg4 55.f5 Ke4 56.f6 Ke5 57.f7 Rxh7
58.f8=Q Rxc7 59.Qb8 Kd6 60.Kg3 Kd7 61.Kxg4 Rc4+ 62.Kf5 Re4 63.Qb7+ Kd6 64.Qb6+ Kd7
65.Qa7+ Kd6 66.Qb6+ Kd7 67.Qc5  1-0

[Event "Open A"]
[Site "Gjovik NOR"]
[Date "2008.12.31"]
[Round "3"]
[White "Abasov,N"]
[Black "Caspi,I"]
[Result "0-1"]
[WhiteElo "2363"]
[BlackElo "2408"]

1.e4 d5 2.exd5 Qxd5 3.Nc3 Qd6 4.d4 Nf6 5.Nge2 Bf5 6.Bf4 Qb6 7.Qd2 Nc6 8.a3 O-O-O
9.Na4 Qa5 10.Qxa5 Nxa5 11.O-O-O Ne4 12.Bg3 g6 13.Nec3 Bh6+ 14.f4 g5 15.Nxe4 gxf4
16.Be1 f3+ 17.Kb1 Bxe4 18.gxf3 Bxf3 19.Bh3+ e6 20.Bxa5 Rd5 21.Bc3 Rh5 22.d5 Re8
23.dxe6 fxe6 24.Bxe6+ Rxe6 25.Rde1 Rxe1+ 26.Rxe1 b5 27.Rf1 Be4  0-1

[Event "Czech Christmas"]
[Site "Litomysl CZE"]
[Date "2008.12.31"]
[Round "7"]
[White "Balkova,A"]
[Black "Matzner,S"]
[Result "1/2-1/2"]
[WhiteElo "1886"]
[BlackElo "2215"]

1.e4 d5 2.exd5 Qxd5 3.Nc3 Qd8 4.d4 e6 5.Nf3 Nf6 6.Bg5 Be7 7.g3 O-O 8.Bg2 Nbd7
9.O-O c6 10.Qd3 Nd5 11.Bxe7 Qxe7 12.Nxd5 exd5 13.Rfe1 Qb4 14.b3 Nf6 15.c3 Qd6
16.Ne5 Be6 17.Rad1 c5 18.Qb1 cxd4 19.cxd4 Rac8 20.Rc1 Qb4 21.Qb2 Rxc1 22.Rxc1 Rc8
23.Rxc8+  1/2-1/2

[Event "Hilton Schachfestival"]
[Site "Basel SUI"]
[Date "2009.01.01"]
[Round "1"]
[White "Pernutz,HG"]
[Black "Czebe,A"]
[Result "0-1"]
[WhiteElo "2146"]
[BlackElo "2461"]

1.e4 d5 2.exd5 Qxd5 3.Nc3 Qd6 4.d4 Nf6 5.Bc4 g6 6.Nge2 Bg7 7.Bf4 Qd8 8.Qd2 c6
9.a4 O-O 10.Bh6 Nbd7 11.Bxg7 Kxg7 12.O-O a5 13.Rad1 Nb6 14.Bb3 Qc7 15.Ng3 Bg4
16.f3 Bd7 17.Qg5 h6 18.Qe5 Qxe5 19.dxe5 Nfd5 20.Nxd5 cxd5 21.Bxd5 Nxd5 22.Rxd5 Bxa4
23.Ra1 Bxc2 24.Raxa5 Rfd8 25.Rxd8 Rxa5 26.Rd2 Rc5 27.Ne2 Bf5 28.f4 g5 29.g3 b5
30.Nd4 Kg6 31.Kf2 b4 32.Ke3 Rc1 33.Nxf5 Kxf5 34.Rd7 gxf4+ 35.gxf4 Re1+ 36.Kf2 Rb1
37.Rxe7 Kxf4 38.Rxf7+ Kxe5 39.Rh7 Kf4 40.Rxh6 Rxb2+ 41.Ke1 Ke3 42.Kd1 Kd4
43.Kc1 Rg2 44.Rh3 Kc4 45.Kb1 Kb5 46.Rh4 Ka4 47.Rh3 Rf2 48.Rh7 Ka3 49.Rh8 Rf1+
50.Kc2 b3+ 51.Kc3 Rc1+ 52.Kd2 b2 53.Ra8+ Kb3 54.Rb8+ Ka2 55.Ra8+ Kb1 56.h4 Rh1
57.Ra4 Rh3 58.Rb4 Ka2 59.Ra4+ Kb3 60.Ra8 b1=Q  0-1